[Event "36th European Club Cup 2021"]
[Site "Struga"]
[Date "2021.09.18"]
[Round "1.31"]
[White "Sarrau, Jelle"]
[Black "Berkes, Ferenc"]
[Result "1/2-1/2"]
[WhiteElo "2374"]
[BlackElo "2671"]
[Annotator "TA"]
[PlyCount "189"]
[EventDate "2021.09.18"]
[EventType "team-tourn"]
[EventCountry "MKD"]
[SourceTitle "playchess.com"]
[Source "ChessBase"]
[SourceQuality "1"]

{[%evp 12,189,8,10,16,35,18,19,19,19,22,0,0,-6,6,0,0,0,0,0,0,-2,30,42,43,39,41,
40,37,34,34,41,20,-14,0,-12,0,-32,-32,-23,0,0,0,-12,-3,-24,-12,-12,-12,-15,-13,
-41,-27,-20,-22,-98,-84,-102,-102,-113,-62,-128,-128,-135,-135,-135,-135,-135,
-127,-185,-135,-188,-125,-137,-128,-128,-128,-128,-125,-125,-121,-126,-125,
-142,-125,-126,-126,-126,-126,-126,-112,-126,-126,-126,-126,-126,-126,-126,
-126,-126,-119,-126,-126,-126,-126,-126,-126,-126,-126,-126,-126,-126,-126,
-126,-126,-126,-126,-126,-126,-126,-118,-126,-116,-121,-88,-94,-69,-108,-71,
-104,-101,-110,-88,-97,-97,-88,-88,-88,-88,-85,-73,-111,-101,-111,-111,-121,
-112,-131,-127,-159,-121,-131,-131,-133,-121,-127,-121,-121,-122,-131,-101,
-152,-116,-116,-116,-116,-116,-116,0,0,0,0,0,0,0,0,0,0,0,0]} 1. c4 c6 2. Nf3 d5
3. g3 Nf6 4. Bg2 dxc4 5. O-O Nbd7 6. Qc2 Nb6 7. Na3 g6 {A11: English Opening:
1...c6.} 8. Nxc4 Nxc4 9. Qxc4 Bg7 10. d3 O-O 11. Bd2 Nd5 12. Rab1 a5 13. a3 a4
{[#]} 14. Ng5 $146 ({Predecessor:} 14. Qc2 e5 15. Ng5 h6 16. Ne4 Re8 17. Nc5 b5
18. e4 Nc7 19. Be3 Ne6 20. b4 {1-0 (56) Walker,D (2271)-Mansson,J (2102)
England 2014}) 14... Nc7 15. Ne4 Nb5 16. Nc5 b6 {Strongly threatening ...Nd6.}
17. Bxc6 {[%mdl 64] [#] Double Attack} Nd6 {[%cal Rd6c4]} 18. Qf4 Bh3 $1 {
[%cal Rh3f1]} 19. Nxa4 {Black must now prevent Rfc1.} Bxf1 20. Kxf1 Rc8 {
[%cal Ba8c8,Bc8c6,Bc6e6,Be6e8][%mdl 32]} 21. Bf3 Nf5 {[#] ...b5 is the strong
threat.} 22. Bg4 e6 23. Bxf5 exf5 24. Nc3 Re8 {[%mdl 1024] Black has
compensation.} 25. h4 Rc6 $40 {[%mdl 128] Black attacks.} 26. Qf3 Rce6 27. Re1
h5 28. Kg2 Qd7 29. Kf1 b5 30. Kg2 Rb8 31. Kf1 Ree8 32. Kg2 b4 33. axb4 (33. Nd5
$1 $11) 33... Rxb4 $17 34. Nd5 Rxb2 35. Be3 Qa4 ({Better is} 35... Rb5 $17 36.
Nb6 Qd8) 36. Nf4 (36. Rc1 $15) 36... Rc8 37. Rc1 Rxc1 38. Bxc1 Rb1 39. Be3 Qd1
{[%csl Gb1][%cal Rd1h1]} 40. Kh2 (40. Qa8+ $17 {might work better.} Kh7 41. Kh3
) 40... Qg1+ $19 41. Kh3 Qf1+ (41... Be5 $19 42. Nd5 Qd1 43. Ne7+ Kg7) 42. Qg2
Be5 43. Qxf1 Rxf1 $17 {[%mdl 4096] Endgame KRB-KBN} 44. Kg2 Re1 45. Kf3 Kg7 46.
Bd2 Rd1 47. Be3 f6 48. Nh3 Kf7 49. Bb6 Bd6 50. Bd4 Rh1 51. Kg2 Rb1 52. Kf3 Rb3
53. Be3 Be7 54. Bf4 Rc3 55. Bd2 Rc8 56. Be3 Ra8 57. Bd2 Bc5 58. Bf4 Ra2 59. Bc1
Bb6 60. Bf4 Ra8 61. Bd2 Rd8 62. Bc1 Bc5 63. Bd2 Bf8 64. Be3 Rd7 65. Bd2 Kg8 66.
Be3 Kh7 67. Nf4 Rb7 68. Bd4 Bg7 69. Ne6 Bh8 70. Be3 Rb8 71. Nf4 Ra8 72. Ne6 Ra6
73. Nf4 Bg7 74. Bd4 Rd6 75. Bc5 Rc6 76. Be3 Bh6 77. Bd4 Kg7 78. Be3 Ra6 79. Bd4
Kf7 80. Be3 Ra4 81. Nd5 g5 82. Kg2 Ra5 83. Nc3 Kg6 84. Bb6 Ra6 85. Nd5 Bf8 86.
e4 (86. Bd4 $142) 86... Bd6 87. Bd8 gxh4 88. gxh4 fxe4 89. dxe4 Ra2 (89... f5
$17 90. exf5+ Kxf5) 90. Bxf6 $11 {The position is equal.} Bc5 91. Bg5 Bxf2 92.
Kf3 Be1 93. Nf4+ Kf7 94. Nxh5 Rh2 95. Kg4 {Whites escaped into a draw. 
Weighted Error Value: White=0.10/Black=0.05} 1/2-1/2

[Event "36th European Club Cup 2021"]
[Site "Struga"]
[Date "2021.09.18"]
[Round "1.32"]
[White "Banusz, Tamas"]
[Black "Suvorov, Alexander"]
[Result "1/2-1/2"]
[WhiteElo "2641"]
[BlackElo "2363"]
[Annotator "TA"]
[PlyCount "82"]
[EventDate "2021.09.18"]
[EventType "team-tourn"]
[EventCountry "MKD"]
[SourceTitle "playchess.com"]
[Source "ChessBase"]
[SourceQuality "1"]

{[%evp 9,82,10,9,-10,12,5,22,18,18,23,19,16,25,28,31,31,54,50,70,75,78,60,77,
20,17,19,36,12,81,70,71,37,35,38,76,43,49,23,26,0,8,8,13,0,10,10,10,9,12,8,17,
3,21,0,0,0,0,0,0,0,0,0,0,0,0,0,0,-19,0,0,0,0,0,0,8]} 1. Nf3 d5 2. g3 c6 3. Bg2
Bg4 4. O-O e6 5. h3 Bh5 6. c4 {A07: Réti Opening: New York and Capablanca
Systems.} Nd7 7. cxd5 cxd5 {[#]} 8. Qb3 $146 ({Predecessor:} 8. Nc3 Ngf6 9. d3
Bc5 10. e4 Nb6 11. g4 Bg6 12. Ne5 dxe4 13. dxe4 Nfd7 14. Nd3 {1-0 (20)
Donchenko,A (2559)-Zude,A (2370) Germany 2018}) 8... Qb6 9. Qxb6 Nxb6 10. g4
Bg6 11. Nc3 Rc8 12. d3 a6 13. Be3 $36 {[%mdl 2048] White fights for an
advantage.} Bc5 14. Bxc5 Rxc5 15. Rac1 Ne7 {[#]} 16. e4 (16. Nd4 $1 $16) 16...
dxe4 17. dxe4 Rc8 18. Nd4 O-O {[#]} (18... h5 $11 {keeps the balance.}) 19. f4
$1 $16 Rfd8 20. Nb3 {aiming for f5.} f6 21. e5 {Black must now prevent exf6.}
Rd7 22. exf6 gxf6 23. Rcd1 {Threatens to win with Rxd7.} Rcc7 24. Ne4 Bxe4 {
The position is equal.} 25. Bxe4 f5 26. Bf3 Rxd1 27. Rxd1 Nbd5 28. gxf5 Nxf4
29. fxe6 {And now Rd7 would win.} Nxe6 30. Rd6 Kf7 31. Bg4 Nf4 32. Nd4 h5 33.
Bf3 Nxh3+ 34. Kh2 Nf4 35. Kg3 Neg6 36. Rb6 h4+ 37. Kf2 Ne5 38. Be4 Rd7 39. Rxb7
Rxb7 40. Bxb7 Nfd3+ 41. Kg2 Nxb2 {Weighted Error Value: White=0.11/Black=0.11}
1/2-1/2

[Event "36th European Club Cup 2021"]
[Site "Struga"]
[Date "2021.09.18"]
[Round "1.33"]
[White "Lenaerts, Lennert"]
[Black "Papp, Gabor"]
[Result "0-1"]
[WhiteElo "2358"]
[BlackElo "2599"]
[Annotator "TA"]
[PlyCount "78"]
[EventDate "2021.09.18"]
[EventType "team-tourn"]
[EventCountry "MKD"]
[SourceTitle "playchess.com"]
[Source "ChessBase"]
[SourceQuality "1"]

{[%evp 9,78,20,22,22,28,-6,-4,-4,-4,-6,0,-9,0,-25,-17,-28,-26,-27,-29,-29,-35,
-38,0,0,0,-55,-56,-39,-45,-37,-46,-58,-41,-50,-50,-50,-55,-181,-185,-194,-192,
-185,-146,-147,-107,-191,-191,-226,-222,-369,-363,-426,-426,-426,-426,-426,
-426,-387,-380,-426,-426,-426,-426,-426,-426,-417,-407,-753,-739,-560,-554]} 1.
d4 e6 2. c4 b6 3. e4 Bb4+ 4. Bd2 Bxd2+ 5. Qxd2 d5 6. cxd5 {C01: French:
Exchange Variation.} exd5 7. e5 Ne7 8. Nc3 {The position is equal.} O-O 9. Nf3
c5 10. Rd1 Nbc6 {[#]} 11. dxc5 $146 ({Predecessor:} 11. Be2 cxd4 12. Nb5 Ng6
13. O-O Bd7 14. Nbxd4 Ncxe5 15. Nxe5 Nxe5 16. Nf3 Nxf3+ 17. Bxf3 Be6 18. Bxd5 {
1/2-1/2 (18) Aleksandrov,A (2589)-Meier,G (2647) Tallinn 2018}) 11... bxc5 12.
Nxd5 Nxd5 13. Qxd5 {[%mdl 64] [#] Double Attack} Qa5+ 14. Qd2 Qxa2 15. Qc3 Rb8
{Strongly threatening ...Bg4.} (15... Rd8 $5 {[%cal Rd8d1]} 16. Bd3 (16. Qxc5
Rxd1+ 17. Kxd1 Bf5 $19) 16... Bg4 $15) 16. Qxc5 Rxb2 {[#] ...Ba6 is the strong
threat.} 17. Bc4 ({Of course not} 17. Qxc6 Qa5+ 18. Nd2 (18. Rd2 $2 Rb1+ 19.
Ke2 Ba6+ 20. Ke3 Bxf1 $19) 18... Bb7 $17) ({White should play} 17. Bd3 $1 $11
Nb4 18. O-O (18. Bxh7+ $2 Kxh7 19. O-O Kg8 $19) 18... Nxd3 19. Rxd3) 17... Qa5+
$15 18. Qxa5 Nxa5 19. Bd3 Nb3 20. O-O a5 $1 21. Rb1 Rxb1 22. Rxb1 a4 23. Bb5 ({
White should try} 23. Bc2 $15) 23... Bf5 $19 24. Bxa4 Bxb1 25. Bxb3 {[%mdl
4096] Endgame KRB-KBN} Rb8 26. Nd2 Bf5 27. Kf1 (27. f4 $17) 27... g5 28. g3 Rb5
29. f4 (29. h4 $142) 29... gxf4 30. gxf4 Rb4 31. Ke2 Rxf4 32. Ke3 Rb4 33. Bd5
Rb5 34. Kd4 Kg7 35. Nf3 h6 36. Bc4 Rb2 37. Ke3 Bg4 38. Be2 (38. Nd2 $142) 38...
Bxf3 39. Kxf3 Rb3+ {Weighted Error Value: White=0.31/Black=0.04} 0-1

[Event "36th European Club Cup 2021"]
[Site "Struga"]
[Date "2021.09.18"]
[Round "1.34"]
[White "Rozentalis, Eduardas"]
[Black "Van Meegen, Ruud"]
[Result "1-0"]
[WhiteElo "2509"]
[BlackElo "2291"]
[Annotator "ChessBase"]
[PlyCount "77"]
[EventDate "2021.09.18"]
[EventType "team-tourn"]
[EventCountry "MKD"]
[SourceTitle "playchess.com"]
[Source "ChessBase"]
[SourceQuality "1"]
[TimeControl "40/5400+30:1800+30"]

1. e4 {[%emt 0:00:03]} c6 {[%emt 0:00:07]} 2. d3 {[%emt 0:00:30]} d5 {[%emt 0:
00:06]} 3. Nd2 {[%emt 0:00:04]} g6 {[%emt 0:01:08]} 4. Ngf3 {[%emt 0:01:06]}
Bg7 {[%emt 0:00:10]} 5. g3 {[%emt 0:00:14]} e5 {[%emt 0:04:08]} 6. Bg2 {
[%emt 0:00:17]} Ne7 {[%emt 0:00:10]} 7. Qe2 {[%emt 0:02:10]} Qc7 {[%emt 0:04:
06]} 8. O-O {[%emt 0:01:05]} O-O {[%emt 0:00:06]} 9. c3 {[%emt 0:11:32]} h6 {
[%emt 0:10:31]} 10. Re1 {[%emt 0:02:51]} Nd7 {[%emt 0:02:36]} 11. d4 {[%emt 0:
09:09]} dxe4 {[%emt 0:12:27]} 12. Nxe5 {[%emt 0:05:20]} f5 {[%emt 0:12:31]} 13.
Qc4+ {[%emt 0:13:35]} Kh7 {[%emt 0:00:08]} 14. Nxd7 {[%emt 0:00:09]} Qxd7 {
[%emt 0:02:20]} 15. f3 {[%emt 0:01:19]} exf3 {[%emt 0:00:14]} 16. Nxf3 {
[%emt 0:01:07]} Nd5 {[%emt 0:00:14]} 17. Ne5 {[%emt 0:06:45]} Qd6 {[%emt 0:00:
15]} 18. Qb3 {[%emt 0:01:45]} g5 {[%emt 0:22:09]} 19. c4 {[%emt 0:07:47]} Nc7 {
[%emt 0:03:28]} 20. Be3 {[%emt 0:02:20]} c5 {[%emt 0:01:19]} 21. Rad1 {[%emt 0:
02:16]} Ne6 {[%emt 0:00:11]} 22. d5 {[%emt 0:02:23]} Nd4 {[%emt 0:08:31]} 23.
Bxd4 {[%emt 0:02:14]} cxd4 {[%emt 0:00:06]} 24. Nf3 {[%emt 0:02:46]} f4 {
[%emt 0:04:22]} 25. Nxd4 {[%emt 0:03:33]} Bg4 {[%emt 0:05:54]} 26. Bf3 {
[%emt 0:01:23]} Bxf3 {[%emt 0:02:46]} 27. Qxf3 {[%emt 0:02:01]} fxg3 {[%emt 0:
01:28]} 28. Qxg3 {[%emt 0:01:13]} Qb6 {[%emt 0:00:20]} 29. Kh1 {[%emt 0:03:42]}
Qxb2 {[%emt 0:01:02]} 30. Ne6 {[%emt 0:00:50]} Rf7 {[%emt 0:01:00]} 31. d6 {
[%emt 0:01:43]} Qb6 {[%emt 0:00:41]} 32. d7 {[%emt 0:03:47]} Qc6+ {[%emt 0:00:
55]} 33. Qg2 {[%emt 0:00:19]} Qxg2+ {[%emt 0:00:46]} 34. Kxg2 {[%emt 0:00:06]}
Bf6 {[%emt 0:00:14]} 35. Rf1 {[%emt 0:01:03]} Kg6 {[%emt 0:00:23]} 36. d8=Q {
[%emt 0:00:18]} Bxd8 {[%emt 0:00:27]} 37. Rxf7 {[%emt 0:00:11]} Kxf7 {[%emt 0:
00:18]} 38. Rxd8 {[%emt 0:00:27]} Rxd8 {[%emt 0:00:19]} 39. Nxd8+ {[%emt 0:00:
07]} 1-0

[Event "36th European Club Cup 2021"]
[Site "Struga"]
[Date "2021.09.18"]
[Round "1.35"]
[White "Perkampus, Laurin"]
[Black "Chatalbashev, Boris"]
[Result "0-1"]
[WhiteElo "2010"]
[BlackElo "2530"]
[Annotator "TA"]
[PlyCount "68"]
[EventDate "2021.09.18"]
[EventType "team-tourn"]
[EventCountry "MKD"]
[SourceTitle "playchess.com"]
[Source "ChessBase"]
[SourceQuality "1"]

{[%evp 20,68,13,16,26,8,0,0,13,1,3,0,24,8,18,0,15,19,30,24,24,24,31,0,44,62,49,
42,75,30,32,0,61,0,0,-68,-69,-91,-93,-91,-97,-103,-99,-466,-502,-493,-453,-742,
-700,-29988,-29984]} 1. d4 Nf6 2. c4 c5 3. d5 g6 4. Nc3 Bg7 5. Nf3 O-O 6. e4 d6
7. h3 e6 8. Bg5 exd5 9. cxd5 Re8 10. Bd3 c4 11. Bc2 b5 {A65: Modern Benoni: 6
e4.} 12. a3 Nbd7 13. O-O Qb6 {The position is equal.} 14. Be3 Nc5 15. Bd4 Bb7 {
[%cal Rf6e4]} 16. Re1 Rac8 17. Qd2 a6 18. Rad1 Qd8 19. Re2 Qd7 20. Qg5 Qd8 21.
Qd2 (21. Qe3 {is interesting.} Qe7 22. Nh2 Qd7 23. Ree1 Qd8 24. Nf1) 21... Nfd7
{[#]} 22. Bxg7 $146 ({Predecessor:} 22. Rde1 Bxd4 23. Qxd4 Qf6 24. Qxf6 Nxf6
25. Re3 Nfd7 26. Nd4 Ne5 27. Rb1 Kg7 28. f4 Ned7 29. g4 h6 30. Kf2 Nf6 31. Rd1
Re7 32. Kf3 Ree8 33. Re2 Rh8 34. Red2 Rhe8 35. Re2 {1/2-1/2 (33) Ledford,S 
(2176)-Glushenkov,S (2259) ICCF email 2013}) 22... Kxg7 23. Nd4 Ne5 24. Re3 Qf6
25. Rg3 Rc7 (25... Ned3 $11 26. Nf5+ Kh8) 26. Nce2 (26. Qe3 $14) 26... Ned3 27.
Rf3 (27. f3 $11) 27... Qe5 $15 28. Re3 Nxe4 29. Qa5 Rce7 $36 {[%mdl 2048]
Black is on the roll.} 30. f3 Qxd5 {Threatens to win with ...Qg5.} 31. fxe4 $2
{[%mdl 8192] Loses the game.} (31. Bxd3 $17 cxd3 32. Rdxd3) 31... Rxe4 $19 32.
Qc3 {[#] White wants to mate with Nf5+!} Rxd4 {[%csl Gb7][%cal Rd5g2][%mdl 576]
Discovered Attack} 33. Nf4 (33. Qxd4+ $142 Qxd4 34. Nxd4 Rxe3 35. Bxd3 Rxd3 36.
Rxd3 cxd3 37. Nb3) 33... Nxf4 {[%csl Gb7,Gf4][%cal Rd5g2][%mdl 64] Discovered
Attack} 34. Rf3 Ne2+ {[%mdl 64] Double Attack.  Weighted Error Value: White=0.
80/Black=0.13} 0-1

[Event "36th European Club Cup 2021"]
[Site "Struga"]
[Date "2021.09.18"]
[Round "1.36"]
[White "Danielsen, Henrik"]
[Black "Winkels, Marcel"]
[Result "1-0"]
[WhiteElo "2521"]
[BlackElo "1992"]
[Annotator "TA"]
[PlyCount "98"]
[EventDate "2021.09.18"]
[EventType "team-tourn"]
[EventCountry "MKD"]
[SourceTitle "playchess.com"]
[Source "ChessBase"]
[SourceQuality "1"]

{[%evp 9,98,15,14,14,10,4,15,10,12,11,11,16,26,16,24,12,37,26,35,27,28,26,32,
-7,1,2,17,17,17,15,15,30,15,16,54,0,0,-5,16,3,8,4,1,8,12,0,6,0,0,0,0,0,14,10,
20,20,21,20,25,20,16,0,51,29,468,470,478,482,472,450,407,396,484,632,585,583,
795,781,5754,5469,2178,823,630,0,1085,1069,971,906,701,699,29993]} 1. d4 Nf6 2.
Nf3 e6 3. c4 c5 4. e3 d5 5. a3 a6 6. dxc5 {D30: Queen's Gambit Declined:
Systems without Nc3.} Bxc5 7. b4 Be7 8. Bb2 {The position is equal.} dxc4 {
has lost popularity (8...0-0).} 9. Qxd8+ Bxd8 10. Bxc4 O-O 11. Nbd2 b5 12. Bd3
Bb7 13. Ke2 Nbd7 {[#]} 14. Rac1 $146 ({Predecessor:} 14. Rhc1 Bb6 15. g3 Rfc8
16. Rxc8+ Rxc8 17. Ng5 Bd8 18. f4 Nb6 19. Bd4 Na4 20. Nge4 Nxe4 21. Nxe4 {
1-0 (40) Jirovsky,M (2482)-Marcelin,C (2506) Germany 2008}) 14... Bb6 15. h3
Rfc8 16. e4 h6 17. g3 Ne8 18. Rhd1 Rxc1 19. Rxc1 Rc8 20. Rxc8 Bxc8 21. Bd4 e5
22. Bc3 (22. Bxb6 $14 Nxb6 23. Nxe5) 22... f6 $11 23. Nh4 Nd6 24. Bc2 g5 25.
Nf5 Nxf5 26. exf5 Kf7 27. Ne4 {[#] And now Nd6+ would win.} Ke7 28. f3 Ba7 29.
Bb3 Bb7 30. Kd3 Bb6 31. a4 {[%cal Ba3a4,Ba4a5][%mdl 32]} Bc6 32. a5 Ba7 33. Be6
Bg1 34. Bd2 Nb8 35. f4 (35. Ke2 {with more complications.} Bd4 36. Bb3 Bb7 37.
Nc3 Kd6 38. Bc2) 35... gxf4 ({Black should try} 35... exf4 $11 36. gxf4 Nd7)
36. gxf4 $14 Bd7 $2 {[%mdl 8192]} (36... Nd7 $11 {and Black stays safe.}) 37.
fxe5 $18 {[%mdl 64] [#] Discovered Attack} fxe5 38. Bxd7 Kxd7 39. Bxh6 {
[%mdl 4096] Endgame KBN-KBN} Nc6 40. Bf8 Bd4 41. h4 Ke8 42. Bd6 Nd8 43. h5 Kf7
44. h6 Bb2 45. Bc7 (45. Kc2 $142 Kg8 46. Ng5) 45... Nc6 46. Bd6 $2 ({White
should play} 46. Kc2 $18 Ba1 47. Bd6 Nd4+ 48. Kb1 Nxf5 49. Kxa1 Nxh6 50. Nc5)
46... Bc1 {[%mdl 8192]} (46... Nd8 $11 47. Kc2 Bd4 48. Ng5+ Ke8) 47. h7 {
White is clearly winning.} Kg7 48. f6+ Kxh7 49. f7 Nb8 {Weighted Error Value:
White=0.19/Black=0.28} 1-0

[Event "36th European Club Cup 2021"]
[Site "Struga"]
[Date "2021.09.18"]
[Round "1.37"]
[White "Mikhalevski, Victor"]
[Black "Saraci, Nderim"]
[Result "1/2-1/2"]
[WhiteElo "2573"]
[BlackElo "2466"]
[Annotator "TA"]
[PlyCount "105"]
[EventDate "2021.09.18"]
[EventType "team-tourn"]
[EventCountry "MKD"]
[SourceTitle "playchess.com"]
[Source "ChessBase"]
[SourceQuality "1"]

{[%evp 10,105,16,-8,19,-37,-34,-36,-23,-39,-30,-29,-20,-21,-20,-76,-68,-66,-66,
-63,-37,-53,-21,-55,-35,-54,-13,-19,-24,-42,-40,-41,-36,-45,-31,-39,-10,-8,-12,
-12,-12,-12,8,-8,-8,-8,-8,-8,-8,-94,-17,-253,-232,-216,-92,-98,-14,-18,-8,-43,
-8,-42,-29,-42,-8,-8,-8,-16,-8,-8,-8,-8,0,-15,-15,-15,-12,-15,-8,-8,-8,-8,-8,
-8,-8,-8,-8,-8,-8,-8,-8,-8,-8,-8,-8,-8,0,0]} 1. c4 e5 2. g3 Nf6 3. Bg2 c6 4. d4
exd4 5. Qxd4 d5 6. Nc3 {[%cal Rc4d5]} Be6 $1 {6...Be6 scores better than 6...
dxc4. A23: English Opening: 1...e5 2 Nc3 Nf6 3 g3 c6.} 7. Nh3 (7. cxd5 $11 cxd5
8. Qa4+ Nc6 9. Be3) 7... dxc4 $15 8. Qxd8+ Kxd8 {Black is slightly better.} 9.
Ng5 Nbd7 {[#]} 10. Bf4 $146 ({Predecessor:} 10. Nxe6+ fxe6 11. Bh3 Ke7 12. b3
cxb3 13. axb3 Kf7 14. O-O Bb4 15. Bb2 a5 16. Rfd1 {1-0 (58) Ovetchkin,R (2543)
-Volkov,S (2628) Playchess.com INT 2006}) 10... h6 11. Nxe6+ fxe6 12. O-O-O (
12. Rc1 $11) 12... Bc5 $17 13. Rhf1 Ke8 14. Kc2 e5 15. Bc1 Rd8 16. f4 Rf8 17.
h3 Bd4 18. e3 Bc5 19. g4 Nb6 20. Rxd8+ Kxd8 21. fxe5 Nfd7 22. Ne4 {aiming for
e6.} Rxf1 (22... Re8 {is interesting.} 23. Nxc5 Nxc5 24. Bd2 Rxe5 25. Rf7 Re7)
23. Bxf1 {Hoping for e6.} Ke7 24. Bd2 Ke6 25. a4 a5 ({Much worse is} 25... Kxe5
$6 26. Nxc5 Nxc5 27. Bc3+ Ke6 28. Bxg7 $16) 26. Nxc5+ Nxc5 27. Bxa5 Ncxa4 $11 {
[%mdl 4096] Endgame KBB-KNN} 28. Bb4 Kxe5 29. e4 (29. Bf8 $11 {remains equal.}
Kf6 30. b3) 29... g6 (29... Kxe4 $17 {And now ...Kf3 would win.} 30. Bf8 Kf3)
30. b3 $2 (30. h4 $11 {and White has nothing to worry.}) 30... cxb3+ $19 31.
Kxb3 {[#]} Kxe4 (31... Kd4 $1 $19 {has better winning chances.} 32. Bf8 Nc5+
33. Kc2 Ne6 34. Bxh6 g5) 32. Bf8 {[#]} h5 ({Black should try} 32... Nd7 $1 $17
33. Bxh6 Nac5+ 34. Kb4 Nd3+ 35. Bxd3+ Kxd3) 33. gxh5 gxh5 {White must now
prevent ...Nd7.} 34. Be2 Nd7 35. Be7 Nac5+ 36. Kc2 Kf4 37. Bxh5 {The position
is equal.} Ne4 38. Bg4 Ndf6 (38... Nef6 {is more complex.} 39. Be2 Nd5 40. Bd6+
Kg5 41. Kd2 N7f6) 39. Bc8 b5 40. Bb7 Nd5 41. Bxc6 (41. Bf8 {looks sharper.}
Ne3+ 42. Kc1 c5 43. h4 Ng4 44. h5) 41... Nxe7 42. Bxb5 Nf6 43. Kd3 Kg3 44. Kd4
Kxh3 45. Ke5 Ng4+ 46. Ke6 Ng6 47. Kf5 Nh4+ 48. Kf4 Ng2+ 49. Kf3 Nh2+ 50. Kf2
Nf4 51. Be2 Nf3 52. Kxf3 Nxe2 53. Kxe2 {Weighted Error Value: White=0.22/
Black=0.17} 1/2-1/2

[Event "36th European Club Cup 2021"]
[Site "Struga"]
[Date "2021.09.18"]
[Round "1.38"]
[White "Makolli, Perparim"]
[Black "Roiz, Michael"]
[Result "1/2-1/2"]
[WhiteElo "2249"]
[BlackElo "2580"]
[Annotator "TA"]
[PlyCount "74"]
[EventDate "2021.09.18"]
[EventType "team-tourn"]
[EventCountry "MKD"]
[SourceTitle "playchess.com"]
[Source "ChessBase"]
[SourceQuality "1"]

{[%evp 10,74,18,-30,24,10,13,-73,0,0,11,0,27,28,25,-12,0,-21,-17,-10,-14,-24,
-5,-33,-27,-48,0,-5,-11,-31,-23,-33,-21,-21,-30,-26,-33,-33,-33,-33,-29,-29,
-29,-32,-27,-29,-15,-22,-10,-23,-9,-40,-27,-64,-75,-52,0,-29,-22,-25,-19,-20,
-25,-20,-4,-4,-5]} 1. e4 e5 2. Bc4 Nf6 3. Nc3 Nc6 4. d3 Bb4 5. Bg5 h6 6. Bh4 (
6. Bxf6 $5 Bxc3+ 7. bxc3 Qxf6 8. Qf3 $11) 6... Be7 {C28: Vienna Game: 2...Nf6
3 Bc4 Nc6.} ({Better is} 6... g5 7. Bg3 d5 8. exd5 Nxd5) 7. Nf3 $11 d6 8. h3 {
[#]} (8. a4 $11) 8... Na5 (8... Nxe4 $1 $17 9. Bxe7 Nxc3 10. Bxd8 Nxd1 11. Rxd1
Nxd8) 9. Bb3 O-O 10. O-O Nxb3 11. axb3 c5 12. Bxf6 Bxf6 13. Nd5 Be6 14. Nxf6+
Qxf6 {[#]} 15. Nh2 $146 ({Predecessor:} 15. Kh1 Qe7 16. Qd2 f5 17. Rfd1 Qf6 18.
Kh2 Qf7 19. b4 b6 20. bxc5 bxc5 21. b4 {1/2-1/2 (37) Farah Atiyah,Z-Lindiawati,
E (2050) Kuala Lumpur 2001}) 15... Qe7 16. f4 exf4 17. Rxf4 d5 (17... Qg5 $5 {
[%cal Rg5f4]} 18. Rf3 d5 $15) 18. Qh5 Qg5 19. Qxg5 hxg5 20. Rf2 dxe4 21. dxe4
Rfe8 22. Nf1 Bd7 23. Nd2 f6 24. Nc4 Rxe4 25. Nb6 Rd8 26. Nxd7 Rxd7 27. Rxa7 {
[%mdl 4096] Endgame KRR-KRR} Re5 28. Ra1 Kf7 29. Kf1 Kg6 30. Re1 Red5 31. Re3
Rd1+ 32. Re1 R1d5 33. Re3 Kh5 34. Rfe2 g4 35. hxg4+ Kxg4 36. Re4+ Kf5 37. b4
cxb4 {Weighted Error Value: White=0.14/Black=0.17} 1/2-1/2

[Event "36th European Club Cup 2021"]
[Site "Struga"]
[Date "2021.09.18"]
[Round "1.39"]
[White "Rodshtein, Maxim"]
[Black "Bajraktari, Perparim"]
[Result "1-0"]
[WhiteElo "2599"]
[BlackElo "2196"]
[Annotator "TA"]
[PlyCount "65"]
[EventDate "2021.09.18"]
[EventType "team-tourn"]
[EventCountry "MKD"]
[SourceTitle "playchess.com"]
[Source "ChessBase"]
[SourceQuality "1"]

{[%evp 19,65,31,39,27,37,41,53,30,60,51,82,54,56,51,47,0,0,0,10,0,0,0,11,10,
163,160,332,331,330,324,318,292,538,478,488,479,467,439,529,427,2176,643,1213,
471,455,314,823,652]} 1. d4 g6 2. e4 d6 3. c4 Bg7 4. Nc3 Nc6 5. Be3 e5 6. Nge2
exd4 7. Nxd4 Nf6 8. f3 O-O 9. Qd2 Re8 10. O-O-O a6 11. Kb1 {E85: King's Indian:
Sämisch: 6...e5.} Nxd4 12. Bxd4 Be6 {[#]} 13. h4 $146 {White is slightly
better.} ({Predecessor:} 13. g4 c5 14. Bf2 Qa5 15. Be2 b5 16. Qxd6 Nd7 17. Qd2
bxc4 18. f4 Rab8 19. e5 {0-1 (37) Yildiz Kadioglu,B (2323)-Isik,A (2212) Cesme
2018}) 13... c6 14. g4 (14. h5 $5) 14... b5 15. g5 Nh5 16. Bxg7 (16. cxb5 Bxd4
17. Qxd4 axb5 $15) 16... Kxg7 17. Rg1 Qb6 18. Be2 $36 {[%mdl 2048] White has
good play.} Qa5 {Black wants to play ...b4.} 19. Ka1 b4 20. Nb1 Rad8 21. a3 Qa4
$2 {[#] Black cannot hold the game after this.} (21... Rb8 $11 {and Black
stays safe.}) 22. f4 $18 {Strongly threatening Bxh5.} (22. Qxb4 Qxb4 23. axb4
Nf4 $11) 22... Qb3 $2 (22... Bh3 $16 {was called for.}) 23. f5 (23. axb4 c5 $11
) 23... gxf5 (23... Bxc4 24. Qd4+ Kg8 25. Bxc4 $18) 24. exf5 ({Don't go for} 
24. Bxh5 $2 Bxc4 25. Nc3 (25. Qd4+ $2 Re5 $19) 25... bxc3 $19) (24. Qxb4 Qxb4
25. axb4 Nf4 $17) 24... Bxf5 25. Bxh5 Bxb1 $2 (25... Qxc4 26. axb4 (26. Qxb4
Qxb4 27. axb4 Re4 $18) 26... c5 27. bxc5 dxc5) 26. Kxb1 bxa3 27. Qd4+ Re5 28.
Rgf1 {[#] Qxe5+! would kill now.} Rd7 29. Rd2 Rde7 (29... Qe3 $142 30. Qxe3
Rxe3) 30. Rf3 (30. Qxd6 $142 Re1+ 31. Bd1) 30... Qb7 31. Rxa3 (31. Qxd6 $142 {
Intending Qf6+ and mate.} R7e6 32. Qxa3) 31... c5 32. Qf4 R7e6 $2 (32... Qe4+
33. Qxe4 Rxe4) 33. Rf3 {Weighted Error Value: White=0.59/Black=0.49} 1-0